Gaming Quiz

Random Gaming Quiz

GTA: Who said it? Quiz Stats

 Plays Quiz not verified by Sporcle

Also try: Smite Gods
Challenge
Share
Tweet
Embed
Score 0/20 Timer 05:00
0 Plays Today
% Correct
Carl 'CJ' Johnson
79.3%
Melvin 'Big Smoke' Harris
77.4%
Frank Tenpenny
69.7%
Catalina
67.7%
The Truth
64.5%
Sean 'Sweet' Johnson
63.7%
Niko Bellic
62.9%
Trevor Philips
61.9%
Ken Rosenberg
55%
Lamar Davis
50.5%
% Correct
Franklin Clinton
48.2%
Michael De Santa
45%
Lance 'Ryder' Wilson
44.6%
Geoffrey 'OG Loc' Cross
43.6%
Avery Carrington
42.6%
Tommy Vercetti
40%
Lester Crest
40%
Kendl Johnson
37%
Lance Vance
34.8%
Roman Bellic
27.1%

You're not logged in!

Compare scores with friends on all Sporcle quizzes.
Join for Free
OR
Log In

You Might Also Like...

Show Comments

Extras

Top Quizzes Today


Score Distribution

Your Account Isn't Verified!

In order to create a playlist on Sporcle, you need to verify the email address you used during registration. Go to your Sporcle Settings to finish the process.

Report this User

Report this user for behavior that violates our Community Guidelines.

Details: